=LDR 00000nam 2200000 4500 =001 INLIS000000000011318 =005 20130612102907 =008 ***********************************Ind** =035 ##$$0010-061300000011318 =041 ##$$a Ind =082 ##$$a 959.8 =090 ##$$a 959.8, Bud m =100 ##$$a Budianto, Eka =245 ##$$a Mengembalikan kepercayaan Rakyat, Eka Budianta =260 ##$$a 1992 $b Jakarta =300 ##$$a VII,172 hlm., ilus, 1815 cm =650 ##$$a Indinesia- Politik dan Pemerintahan =850 ##$$a NBPNMAT